Desaťpercentná sadzba dane a príjem do 3000 korún
Konkrétne prípady zdaňovania príjmov fyzických osôb, na ktoré platí desaťpercentná sadzba. Zdanenie príjmov za príspevky do novín, časopisu, rozhlasu alebo televízie. Zdanenie príjmov zo závislej činnosti a funkčných požitkov vo výške 10 perc.
Salvato in:
| Autore principale: | |
|---|---|
| Natura: | Capitolo di libro |
| Lingua: | slovacco |
| Soggetti: | |
| Tags: |
Nessun Tag, puoi essere il primo ad aggiungerne!!
|
MARC
| LEADER | 00000naa a2200000 4500 | ||
|---|---|---|---|
| 001 | r022124 | ||
| 005 | 20230801110112.6 | ||
| 041 | 0 | |a slo | |
| 044 | |a SK | ||
| 245 | 1 | 0 | |a Desaťpercentná sadzba dane a príjem do 3000 korún |c Dagmar Piršelová |
| 520 | |a Konkrétne prípady zdaňovania príjmov fyzických osôb, na ktoré platí desaťpercentná sadzba. Zdanenie príjmov za príspevky do novín, časopisu, rozhlasu alebo televízie. Zdanenie príjmov zo závislej činnosti a funkčných požitkov vo výške 10 perc. | ||
| 610 | 2 | 0 | |a Slovensko |
| 610 | 2 | 0 | |a 1996 |
| 610 | 2 | 0 | |a dane z príjmov |
| 610 | 2 | 0 | |a osoby fyzické |
| 100 | 1 | |a Piršelová, Dagmar | |